Trois fonctions de l'exil dans les oeuvres de fiction d'albert camus: initiation, revolte, conflit /

Guardado en:
Autor Principal: Cielens, Isabelle
Formato: Libro
Publicado: Uppsala : Almqvist & Wiksell, 1985
Series:Acta Universitatis Upsaliensis
Materias:
Etiquetas: Agregar Etiqueta
Sin Etiquetas, Sea el primero en etiquetar este registro!
LEADER 00585nam a22001695a 4500
001 EHU.bham009713
003 AR-BHAM
005 20080104180411.0
008 130507s1985##################000#0#####d
082 8 4 |a 843.9 
100 1 |a Cielens, Isabelle 
245 1 0 |a Trois fonctions de l'exil dans les oeuvres de fiction d'albert camus: initiation, revolte, conflit /  |c Isabelle Cielens 
260 |a Uppsala :  |b Almqvist & Wiksell,  |c 1985 
300 |a 208 p. 
490 0 |a Acta Universitatis Upsaliensis 
653 |a Novela francesa-1901- 
859 |a AR-BHAM  |b BIB. HUMANIDADES - General  |h 843.9  |i C487  |p 56.85  |t Ej.1